| 000 | 00666nam a2200277Ia 4500 | ||
|---|---|---|---|
| 001 | 46708 | ||
| 005 | 20240114003803.0 | ||
| 007 | ta | ||
| 008 | 090401s a g b000 u asm u | ||
| 020 | _cHB | ||
| 040 | _aCotton College,Assam | ||
| 041 | _aasm | ||
| 082 |
_a338.954 _bG 26 K |
||
| 100 | _aGJCC, . | ||
| 245 | 0 |
_aKhaddya-Sankatar Pratikar / _cGJCC. _hTextual Documents |
|
| 250 | _a1st ed. / | ||
| 260 |
_aGuwahati : _bGhanasyam Das , _cNd. |
||
| 300 |
_a38p. : _bill ; _c12 cm. . |
||
| 653 | _aT/G-Economics | ||
| 942 |
_2ddc _cBK |
||
| 999 |
_c46673 _d46673 |
||